[Event "Krakow Malopolski-chB"]
[Site "Krakow"]
[Date "2015.04.29"]
[Round "4.5"]
[White "Kolodziej, Krzysztof"]
[Black "Pitynski, Pawel"]
[Result "0-1"]
[WhiteElo "1689"]
[BlackElo "1592"]
[PlyCount "98"]
[EventDate "2015.04.26"]
[EventType "swiss"]
[EventRounds "9"]
[EventCountry "POL"]
[SourceTitle "EXT 2023"]
[Source "ChessBase"]
[SourceDate "2022.10.05"]
[SourceVersion "1"]
[SourceVersionDate "2022.10.05"]
[SourceQuality "1"]

1. e4 c5 2. Nf3 Nc6 3. d4 cxd4 4. Nxd4 e5 5. Nxc6 bxc6 6. c4 Bc5 7. Qf3 Ne7 8. Nc3 a6 9. Be2 0-0 10. 0-0 Qc7 11. Na4 Ba7 12. c5 Qa5 13. Qa3 Rb8 14. Bf3 f5 15. exf5 Nxf5 16. Rd1 Nd4 17. Be4 Qd8 18. Be3 Qh4 19. Qd3 Rb4 20. Bxd4 Rxd4 21. Qb3+ Kh8 22. f3 d5 23. Rxd4 exd4 24. Bd3 Re8 25. Rf1 Re3 26. g3 Qe7 27. g4 Qc7 28. Qd1 Qf4 29. Rf2 h5 30. b4 Bb8 31. Bg6 Qe5 32. Kf1 Qg5 33. Bxh5 Be5 34. Nb2 Bf6 35. Nd3 Qh6 36. Bf7 Qh3+ 37. Kg1 Qh6 38. Rg2 Bh4 39. Re2 Qf6 40. Rxe3 dxe3 41. Be8 Qe6 42. Bh5 g6 43. Nf4 e2 44. Nxg6+ Kg7 45. Qa1+ Bf6 46. Qe1 Qe3+ 47. Kg2 Bc3 48. Ne7 Be6 49. Qg3 e1Q 0-1

[Event "Krakow Malopolski-chB"]
[Site "Krakow"]
[Date "2014.05.03"]
[Round "7"]
[White "Fukowski, Pawel"]
[Black "Kolodziej, Krzysztof"]
[Result "1-0"]
[WhiteElo "1712"]
[BlackElo "1702"]
[PlyCount "63"]
[EventDate "2014.04.27"]
[EventType "swiss"]
[EventRounds "9"]
[EventCountry "POL"]
[SourceTitle "CBM 160 Extra"]
[Source "ChessBase"]
[SourceDate "2014.07.01"]
[SourceVersion "1"]
[SourceVersionDate "2014.07.01"]
[SourceQuality "1"]

1. d4 Nf6 2. c4 g6 3. Nc3 Bg7 4. e4 d6 5. f3 0-0 6. Be3 Nc6 7. Nge2 a6 8. a3 Rb8 9. b4 Bd7 10. Qd2 e5 11. d5 Ne7 12. 0-0-0 Ne8 13. Kb2 f5 14. Nc1 f4 15. Bf2 Nf6 16. Nb3 Rf7 17. a4 Qe8 18. Ra1 Nc8 19. Be2 c6 20. a5 cxd5 21. cxd5 g5 22. Qd3 b5 23. axb6 Nxb6 24. Rxa6 Na4+ 25. Ka3 Nxc3 26. Qxc3 Bf8 27. Rc1 Bc8 28. Rb6 Ra8+ 29. Na5 Nd7 30. Rc6 Bb7 31. Rc7 Rc8 32. Rxc8 1-0

[Event "Krakow Malopolski-chB"]
[Site "Krakow"]
[Date "2014.04.29"]
[Round "3"]
[White "Singh, Abhiraj"]
[Black "Kolodziej, Krzysztof"]
[Result "1/2-1/2"]
[WhiteElo "1439"]
[BlackElo "1702"]
[PlyCount "85"]
[EventDate "2014.04.27"]
[EventType "swiss"]
[EventRounds "9"]
[EventCountry "POL"]
[SourceTitle "CBM 160 Extra"]
[Source "ChessBase"]
[SourceDate "2014.07.01"]
[SourceVersion "1"]
[SourceVersionDate "2014.07.01"]
[SourceQuality "1"]

1. e4 Nc6 2. d4 e6 3. Nf3 b6 4. a3 Bb7 5. Nc3 d5 6. e5 Be7 7. Bb5 a6 8. Be2 f6 9. exf6 Nxf6 10. Bf4 Qd7 11. Ne5 Nxe5 12. dxe5 Ng8 13. Bf3 0-0-0 14. Qd2 h5 15. 0-0-0 Nh6 16. Bxh5 d4 17. Ne2 c5 18. Rhg1 Qa4 19. Bg5 Nf5 20. Bxe7 Nxe7 21. Bg4 Nf5 22. h3 Qc4 23. b3 Qb5 24. a4 Qe8 25. Qd3 Rf8 26. Bf3 Bxf3 27. Qxf3 Kc7 28. Qd3 Kb7 29. Ng3 Ne7 30. Ne4 Qh5 31. Nd6+ Ka7 32. Qg3 Qh6+ 33. Kb2 Rf4 34. Rgf1 Nd5 35. Rde1 Nc3 36. f3 Rff8 37. Ne4 Nd5 38. Qg5 Qh7 39. Rf2 Rd7 40. Rd2 Rf5 41. Qg3 Qh6 42. Rd3 Nb4 43. Rdd1 1/2-1/2

[Event "Krakow Malopolski-chB"]
[Site "Krakow"]
[Date "2013.05.03"]
[Round "6"]
[White "Kolodziej, Krzysztof"]
[Black "Bandyk, Sebastian"]
[Result "0-1"]
[WhiteElo "1653"]
[BlackElo "1582"]
[PlyCount "74"]
[EventDate "2013.04.28"]
[EventType "swiss"]
[EventRounds "9"]
[EventCountry "POL"]
[SourceTitle "CBM 154 Extra"]
[Source "ChessBase"]
[SourceDate "2013.06.25"]
[SourceVersion "2"]
[SourceVersionDate "2013.06.25"]
[SourceQuality "1"]

1. e4 c5 2. Nf3 e6 3. d4 cxd4 4. Nxd4 Nc6 5. Be3 Nf6 6. f3 d5 7. exd5 Nxd5 8. Nxc6 bxc6 9. Bf2 Rb8 10. Qc1 Qa5+ 11. c3 Bc5 12. Bg3 Be3 13. Qc2 Bf4 14. Bxf4 Nxf4 15. Qe4 Nd5 16. Qe5 Rxb2 17. Qxg7 Rf8 18. Nd2 Nxc3 19. Nc4 Qb4 20. a3 Rb1+ 21. Rxb1 Qxb1+ 22. Kf2 Qc2+ 23. Kg1 Ne2+ 24. Bxe2 Qxe2 25. Qc3 Qd1+ 26. Kf2 Qxh1 27. Ne5 Qd1 28. Nxc6 Qd6 29. Ne5 Bb7 30. Ng4 Qb6+ 31. Kg3 Rg8 32. Kh3 Rg6 33. Qh8+ Ke7 34. Qc3 Qd6 35. g3 Qc6 36. Qa5 f5 37. Qb4+ Ke8 0-1

[Event "Krakow op-B 23rd"]
[Site "Krakow"]
[Date "2012.12.31"]
[Round "6"]
[White "Lada, Ireneusz"]
[Black "Kolodziej, Krzysztof"]
[Result "1-0"]
[WhiteElo "2003"]
[BlackElo "1657"]
[PlyCount "69"]
[EventDate "2012.12.27"]
[EventType "swiss"]
[EventRounds "9"]
[EventCountry "POL"]
[SourceTitle "CBM 152 Extra"]
[Source "ChessBase"]
[SourceDate "2013.02.25"]
[SourceVersion "1"]
[SourceVersionDate "2013.02.25"]
[SourceQuality "1"]

1. c4 Nf6 2. Nc3 g6 3. Nf3 d6 4. g3 Bg7 5. Bg2 c5 6. d4 cxd4 7. Nxd4 Nc6 8. Nc2 0-0 9. 0-0 Bd7 10. b3 Qc8 11. Bb2 Bh3 12. Nd5 Bxg2 13. Kxg2 Nxd5 14. Bxg7 Nf4+ 15. Kh1 Kxg7 16. gxf4 Qg4 17. e3 Qxd1 18. Raxd1 f5 19. Rd5 b6 20. Kg2 Rac8 21. Kf3 Rf6 22. h4 h5 23. Rg1 Kf7 24. Ke2 Rd8 25. Ne1 Nb4 26. Rd2 d5 27. Nf3 Rfd6 28. Ne5+ Kg7 29. a3 Nc6 30. Rxd5 Rxd5 31. Rxg6+ Kh7 32. cxd5 Na5 33. Rg5 Rxd5 34. Rxh5+ Kg7 35. Rxf5 1-0

[Event "Krakow op-B 23rd"]
[Site "Krakow"]
[Date "2012.12.27"]
[Round "1"]
[White "Kolodziej, Krzysztof"]
[Black "Puczylowski, Marcin"]
[Result "0-1"]
[WhiteElo "1657"]
[BlackElo "1991"]
[PlyCount "34"]
[EventDate "2012.12.27"]
[EventType "swiss"]
[EventRounds "9"]
[EventCountry "POL"]
[SourceTitle "CBM 152 Extra"]
[Source "ChessBase"]
[SourceDate "2013.02.25"]
[SourceVersion "1"]
[SourceVersionDate "2013.02.25"]
[SourceQuality "1"]

1. e4 c5 2. Nf3 Nc6 3. d4 cxd4 4. Nxd4 e5 5. Nb3 Nf6 6. Bd3 Be7 7. Nc3 d6 8. 0-0 0-0 9. Be3 Be6 10. Qd2 Ng4 11. Rad1 Nxe3 12. Qxe3 Bg5 13. Qe2 a5 14. Bc4 b6 15. Bxe6 fxe6 16. Qc4 Qd7 17. Nb5 Be7 0-1